|
|
|
|
| LEADER |
01953cas a2200241 a 4500 |
| 001 |
AALejournalIMF008974 |
| 008 |
230101c9999 xx r poo 0 0eng d |
| 020 |
|
|
|c 5.00 USD
|
| 020 |
|
|
|z 9781451841275
|
| 022 |
|
|
|a 1934-7685
|
| 040 |
|
|
|a BD-DhAAL
|c BD-DhAAL
|
| 110 |
2 |
|
|a International Monetary Fund.
|
| 245 |
1 |
0 |
|a Zambia :
|b 2005 Article IV Consultation, Third Review Under the Three-Year Arrangement Under the Poverty Reduction and Growth Facility, Request for Waiver and Modification of Performance Criterion, and Financing Assurances Review; Staff Report; Public Information Notice and Press Release on the Executive Board Discussion; and Statement by the Executive Director for Zambia.
|
| 264 |
|
1 |
|a Washington, D.C. :
|b International Monetary Fund,
|c 2006.
|
| 300 |
|
|
|a 1 online resource (115 pages)
|
| 490 |
1 |
|
|a IMF Staff Country Reports
|
| 500 |
|
|
|a <strong>Off-Campus Access:</strong> No User ID or Password Required
|
| 500 |
|
|
|a <strong>On-Campus Access:</strong> No User ID or Password Required
|
| 506 |
|
|
|a Electronic access restricted to authorized BRAC University faculty, staff and students
|
| 520 |
3 |
|
|a Zambia's 2005 Article IV Consultation and Third Review Under the Poverty Reduction and Growth Facility are discussed. Expenditure restraint, including on the wage bill, has helped to put the fiscal operations of the government on a sustainable course and contributed to the attainment of the Heavily Indebted Poor Countries completion point. Progress has also been made on the structural reforms agenda, including public expenditure management, public debt management, the resolution of insolvent nonbank financial institutions, and the privatization of the Zambia National Commercial Bank.
|
| 538 |
|
|
|a Mode of access: Internet
|
| 830 |
|
0 |
|a IMF Staff Country Reports; Country Report ;
|v No. 2006/039
|
| 856 |
4 |
0 |
|z Full text available on IMF
|u http://elibrary.imf.org/view/journals/002/2006/039/002.2006.issue-039-en.xml
|z IMF e-Library
|